Match the Owl to its Wikipedia Introduction Sentence - Statistics

General Stats
  • This quiz has been taken 3 times
  • The average score is 10 of 15
Answer Stats
Hint Answer % Correct
This, also known as the striped owl or, more informally, hoot owl or eight-hooter owl, is a North American large species of owl. Barred Owl
100%
Also called the shoco, this is a small, long-legged, primarily terrestrial—though not flightless—species of owl native to the open landscapes of North and South America. Burrow Owl
100%
This is a small grayish-brown owl about the size of a sparrow found in the Southwestern United States, central Mexico, and the Baja California peninsula. Elf Owl
100%
This is a true owl, and is the world's largest species of owl by length. Great Gray Owl
100%
This, also known as the tiger owl (originally derived from early naturalists' description as the "winged tiger" or "tiger of the air") or the hoot owl, is a large owl native to the Americas. Great Horned Owl
100%
This is an English singer, musician and actor. Sir Roger Daltrey
100%
This, also known as the polar owl, the white owl and the Arctic owl, is a large, white owl of the true owl family. Snowy Owl
100%
This is a species of Tyto native to Europe, southwestern Asia, and Africa. Barn Owl
50%
This, or Tengmalm's owl, is a small owl in the "true owl" family Strigidae. Boreal Owl
50%
This is a small owl that is relatively common in Eastern North America, from Mexico to Canada. Eastern Screech-Owl
50%
This, or, more informally known as the lesser horned owl or cat owl, is a medium-sized species of owl with an extensive breeding range. Long-Eared Owl
50%
This is a species of true owl. Spotted Owl
50%
This is a stocky, medium-sized owl in the family Strigidae. Brown Owl
0%
This is a species of small owl in the family Strigidae. Northern Back-Up Owl
0%
This is a widespread grassland species in the family Strigidae. Short-Eared Owl
0%
No matching quizzes found
Score Distribution
Percent of People with Each Score
Percentile by Number Answered
Your Score History
You have not taken this quiz